Normal view
MARC view
- Mendonca, Renato de,
Entry Nombre Personal
001 - NUMERO DE CONTROL
- campo de control: 35157
003 - IDENTIFICADOR DE NUMERO DE CONTROL
- campo de control: UPN
005 - FECHA Y HORA DE LA ÜLTIMA TRANSACCIÓN
- campo de control: 20210219194500.0
008 - DATOS DE LONGITUD FIJA
- campo de control de longitud fija: nabaccnnaabn|||||||||| b |nc|||||d
035 ## - NUMERO DE CONTROL
- Número de control: UPN11000007264
040 ## - FUENTE DE CATALOGACIÓN
- Lenguaje de catalogación: SPA
- Agencia de transcripción: UPN
100 1# - ENCABEZAMIENTO - NOMBRE PERSONAL
- Nombre personal: Mendonca, Renato de,
- Fechas asociadas con el nombre: 1912-1990
670 ## - FUENTE EN LA QUE SE LOCALIZARON DATOS
- Cita de la fuente: T
- Uniform Resource Identifier: http://diplomatizzando.blogspot.mx/2012/12/renato-mendonca-um-intelectual-na.html
680 ## - NOTA PUBLICA DE ACCESO PÚBLICO
- Frase explicativa de la referencia: Intelectual brasileño
902 ## - CATALOGADOR
- Catalogador: CAA/290414
